|
|
|
|
| LEADER |
00000nab a2200000 a 4500 |
| 001 |
vtls000027413 |
| 003 |
SK-MaSNL |
| 005 |
20260304062127.0 |
| 008 |
250422c1978 xo 0 slo |
| 015 |
|
|
|a SNBRB19rr/mm-uuuuu
|
| 035 |
|
|
|a CL0037507
|
| 035 |
|
|
|a urn:nbn:sk:snk-ab2jrb
|
| 035 |
|
|
|a (urnnbn)urn:nbn:sk:snk:ar-a02iik
|
| 035 |
|
|
|a (uuid)69fddd44-e091-4d8a-961b-9c4cdf5b70b6
|
| 040 |
|
|
|a SNKBUCL
|b slo
|c SNKBUCL
|e AACR2
|
| 041 |
0 |
|
|a slo
|
| 044 |
|
|
|a xo
|c SK
|
| 080 |
|
|
|a 141
|2 1981
|
| 080 |
|
|
|a 92 Rousseau, Jean Jacques
|2 1981
|
| 100 |
1 |
|
|a Münz, Teodor,
|d 1926-2022
|4 aut
|9 103322
|
| 245 |
1 |
0 |
|a J. J. Rousseau (1712-1778)
|c Teodor Münz
|
| 600 |
1 |
7 |
|a Rousseau, Jean-Jacques,
|d 1712-1778
|2 snkbucl
|9 107604
|
| 655 |
|
7 |
|a články z novín a časopisov
|2 snkbucl
|9 267496
|
| 773 |
0 |
|
|t Ateizmus
|g Roč. 6, č. 6 (1978), s. 539-547
|
| 850 |
|
|
|a Slovenská národná knižnica
|
| 852 |
|
|
|a Slovenská národná knižnica
|
| 954 |
|
|
|a odborná, vedecká literatúra pôvodná (slovenská)
|2 lita
|
| 958 |
|
|
|a article2022
|
| 958 |
|
|
|a RK
|
| 958 |
|
|
|a OND
|
| 958 |
|
|
|a EUIPO
|
| 992 |
|
|
|a RBX
|
| 999 |
|
|
|c 2736613
|d 2738543
|